The IBM PC/XT : making the right connections

Сохранить в:
Библиографические подробности
Главный автор: Martin D.Seyer
Формат:
Язык:Undetermined
Опубликовано: New Jersey Englewood Cliffs 1985
Предметы:
Метки: Добавить метку
Нет меток, Требуется 1-ая метка записи!
Thư viện lưu trữ: Trung tâm Học liệu Trường Đại học Cần Thơ
LEADER 00462nam a2200169Ia 4500
001 CTU_46241
008 210402s9999 xx 000 0 und d
082 |a 621.381958 
082 |b S519 
100 |a Martin D.Seyer 
245 4 |a The IBM PC/XT : making the right connections 
245 0 |c Martin D.Seyer 
260 |a New Jersey 
260 |b Englewood Cliffs 
260 |c 1985 
650 |a computers 
980 |a Trung tâm Học liệu Trường Đại học Cần Thơ